[Event "Katernberg 2- Werden"]
[Site "?"]
[Date "2022.09.25"]
[Round "2.7"]
[White "Mann, Gergely"]
[Black "Heldt, Maximilian"]
[Result "1-0"]
[WhiteElo "1805"]
[BlackElo "2082"]
[PlyCount "123"]
[SourceVersionDate "2023.06.22"]

1. d4 Nf6 2. c4 e6 3. Nc3 d5 4. Nf3 Bb4 5. Qa4+ Nc6 6. e3 Bd7 7. Qc2 Na5 8.
cxd5 exd5 9. Bd3 O-O 10. O-O b6 11. a3 Bxc3 12. Qxc3 c5 13. dxc5 bxc5 14. b4
cxb4 15. axb4 Rc8 16. Qa3 Nc4 17. Qxa7 Bg4 18. Qd4 Re8 19. Bb2 Bxf3 20. gxf3
Nd2 21. Bxh7+ Kxh7 22. Qxd2 Rc4 23. Rfd1 Rh4 24. Qd3+ Kh8 25. Qf5 Rh5 26. Bxf6
Rxf5 27. Bxd8 Rxd8 28. Ra5 Rb8 29. Raxd5 Rxd5 30. Rxd5 Rxb4 31. Kg2 Kh7 32. Kg3
Kg6 33. f4 Rb1 34. e4 Re1 35. f5+ Kg5 36. h4+ Kf6 37. Kf4 Rh1 38. Kg4 Rg1+ 39.
Kf4 Rh1 40. e5+ Ke7 41. Kg4 Rg1+ 42. Kf3 Re1 43. Ra5 Ke8 44. Ra8+ Ke7 45. Ra7+
Ke8 46. e6 fxe6 47. fxe6 g6 48. Ra4 Ke7 49. Re4 Rh1 50. Kg4 Rg1+ 51. Kf4 Rh1
52. Kg5 Rh2 53. Kxg6 Rxf2 54. h5 Rg2+ 55. Kh7 Rg5 56. Kh6 Rg2 57. Re5 Rg8 58.
Rg5 Ra8 59. Kg7 Kxe6 60. h6 Ra7+ 61. Kg6 Ra8 62. h7 1-0

[Event "Katernberg 2- Werden"]
[Site "?"]
[Date "2022.09.25"]
[Round "2.8"]
[White "Gehrmann, Ulrich"]
[Black "Mohnke, Martin"]
[Result "0-1"]
[WhiteElo "1972"]
[BlackElo "1992"]
[PlyCount "58"]
[SourceVersionDate "2023.06.22"]

1. e4 c6 2. d4 d5 3. f3 g6 4. Nc3 Bg7 5. Be3 dxe4 6. fxe4 Nf6 7. Nf3 O-O 8. Be2
Qb6 9. Qd3 Ng4 10. O-O-O e5 11. Bg1 exd4 12. Nxd4 Ne5 13. Qg3 Qc7 14. h4 h5 15.
Bh2 Qe7 16. Qe3 Ng4 17. Bxg4 Bxg4 18. Rde1 Nd7 19. e5 Rfe8 20. e6 fxe6 21. Nf3
e5 22. Ne4 Rad8 23. Nfg5 Nf6 24. Nxf6+ Qxf6 25. Rhf1 Bf5 26. Qb3+ Rd5 27. c4
Rd7 28. c5+ Rd5 29. Qxb7 Rxc5+ 0-1

[Event "Krefeld- Lasker Köln"]
[Site "?"]
[Date "2022.09.25"]
[Round "2.1"]
[White "Wiekert, Martin"]
[Black "Gutkin, Ilya"]
[Result "0-1"]
[WhiteElo "2301"]
[BlackElo "2302"]
[PlyCount "74"]
[SourceVersionDate "2023.06.22"]

1. d4 e6 2. Nc3 Nf6 3. Bf4 Bb4 4. Qd3 b6 5. Qf3 Nd5 6. Bd2 Qf6 7. e4 Nxc3 8.
Qxf6 gxf6 9. bxc3 Ba3 10. Bd3 Rg8 11. Ne2 Bb7 12. O-O Nc6 13. Rab1 O-O-O 14.
Ng3 Be7 15. Rb5 Rg7 16. Nh5 Rg6 17. Nf4 Rg5 18. Ne2 Rxb5 19. Bxb5 Na5 20. Ng3
d5 21. Bd3 h5 22. exd5 h4 23. Ne2 Bxd5 24. Nc1 c5 25. dxc5 Bxc5 26. Bf4 Rg8 27.
g3 e5 28. Bf5+ Kc7 29. Be3 hxg3 30. Bxc5 gxh2+ 31. Kxh2 bxc5 32. Nb3 Nxb3 33.
cxb3 Rg2+ 34. Kh3 Rg5 35. Bg4 f5 36. Rd1 fxg4+ 37. Kh4 Bf3 0-1

[Event "Krefeld- Lasker Köln"]
[Site "?"]
[Date "2022.09.25"]
[Round "2.2"]
[White "Ricken, Katharina"]
[Black "Paris, Michael"]
[Result "1/2-1/2"]
[WhiteElo "2136"]
[BlackElo "2177"]
[PlyCount "66"]
[SourceVersionDate "2023.06.22"]

1. Nf3 d5 2. g3 g6 3. Bg2 Bg7 4. d4 Nd7 5. c4 dxc4 6. Na3 Nb6 7. Nxc4 Nxc4 8.
Qa4+ c6 9. Qxc4 Be6 10. Qb4 Qb6 11. Bd2 Bd5 12. e3 Nf6 13. O-O Ne4 14. Rfd1 Rd8
15. Be1 Nd6 16. Nh4 Bxg2 17. Nxg2 O-O 18. Nf4 e5 19. dxe5 Bxe5 20. Nd3 Bg7 21.
Bc3 Qxb4 22. Bxb4 b6 23. Rac1 c5 24. Bc3 Bxc3 25. Rxc3 Nb5 26. Rcc1 Rd6 27. Kf1
Rfd8 28. Ke2 Re8 29. Nf4 Rxd1 30. Rxd1 Re4 31. Nd5 Ra4 32. a3 Kg7 33. Kd2 Nd6
1/2-1/2

[Event "Krefeld- Lasker Köln"]
[Site "?"]
[Date "2022.09.25"]
[Round "2.3"]
[White "Nagel, Bernhard"]
[Black "Panjer, Sidney"]
[Result "1-0"]
[WhiteElo "2200"]
[BlackElo "2211"]
[Annotator "daniel"]
[PlyCount "91"]
[SourceVersionDate "2023.06.22"]

1. Nf3 d5 2. e3 Nf6 3. b3 e6 4. Bb2 Be7 5. d4 c5 6. dxc5 Bxc5 7. Bd3 Nc6 8. a3
O-O 9. Nbd2 Re8 10. c4 d4 11. exd4 Bxd4 12. Nxd4 Nxd4 13. O-O e5 14. Ne4 Bf5
15. Nxf6+ Qxf6 16. Bxd4 Bxd3 17. Qxd3 exd4 18. Rad1 Rad8 $11 19. Rd2 g6 20. g3
Kg7 21. Kg2 h5 22. Qf3 Re7 23. Qxf6+ Kxf6 24. Rfd1 Red7 25. Rd3 Rd6 26. Kf3 Kf5
27. h3 Kf6 28. Re1 Ra6 29. b4 Rc6 30. c5 b6 31. cxb6 axb6 32. Re4 Rc4 33. Ke2
Rc2+ 34. Ke1 Rc4 35. Rf3+ Kg7 36. Re7 d3 37. Rfxf7+ Kg8 38. Kd1 Rc3 39. Rg7+
Kh8 40. Rh7+ Kg8 41. Reg7+ Kf8 42. Rc7 Rxc7 43. Rxc7 d2 44. Rc6 Rd3 45. Rxb6
Rxa3 46. Kxd2 1-0

[Event "Krefeld- Lasker Köln"]
[Site "?"]
[Date "2022.09.25"]
[Round "2.4"]
[White "Van Gool, Rudi"]
[Black "Pawelzik, Malte"]
[Result "1/2-1/2"]
[WhiteElo "2188"]
[BlackElo "2155"]
[PlyCount "157"]
[SourceVersionDate "2023.06.22"]

1. d4 Nf6 2. c4 g6 3. g3 c6 4. Bg2 d5 5. Nd2 Bg7 6. Ngf3 O-O 7. O-O a5 8. b3 a4
9. Bb2 b5 10. Ne5 Qb6 11. Qc1 Bf5 12. c5 Qa5 13. b4 Qc7 14. Ndf3 Nbd7 15. h3
Be4 16. Nd3 Rae8 17. Qc3 Kh8 18. Bc1 Ng8 19. Bf4 Qc8 20. Nd2 Bxg2 21. Kxg2 Bh6
22. Bxh6 Nxh6 23. e4 e6 24. e5 Kg7 25. Rae1 Nf5 26. Nf3 Qd8 27. Qd2 Qc7 28. Rd1
Rh8 29. Nde1 h5 30. Nc2 Reg8 31. Ng5 Nf8 32. f4 Rh6 33. Ne1 Rgh8 34. Nef3 Nh7
35. Rde1 Qd8 36. a3 Qe7 37. Qf2 Nxg5 38. fxg5 R6h7 39. Qd2 Kf8 40. Qf4 Ke8 41.
Rh1 Kf8 42. Rh2 Kg8 43. Reh1 Kf8 44. Kf2 Kg8 45. Ke1 Qd8 46. Kd2 Qe7 47. Kd3
Qd8 48. Rf1 Qe7 49. Rhf2 Kf8 50. Nh4 Nxh4 51. Qxh4 Kg8 52. Rf6 Rg7 53. Qf4 Rhh7
54. Qf2 Rh8 55. Qe1 Rhh7 56. R1f4 Rh8 57. Rh4 Rgh7 58. Qf2 Kg7 59. Qe3 Kg8 60.
Rf2 Kf8 61. Qf4 Ke8 62. Ke3 Kf8 63. Rh2 Kg8 64. Kf2 Kf8 65. Kg2 Kg8 66. Rh1 Kf8
67. Rf1 Kg8 68. Rf3 Kf8 69. Rf2 Kg8 70. Qc1 Kf8 71. Rhf4 Kg8 72. Rf6 Rg7 73.
R2f4 Rgh7 74. Kf2 Rg7 75. Ke3 Rgh7 76. Qf1 Rg7 77. h4 Kf8 78. Qf3 Ke8 79. Qf1
1/2-1/2

[Event "Krefeld- Lasker Köln"]
[Site "?"]
[Date "2022.09.25"]
[Round "2.5"]
[White "Loseries, Uwe"]
[Black "Fehmer, Carsten"]
[Result "1/2-1/2"]
[WhiteElo "2200"]
[BlackElo "2129"]
[PlyCount "89"]
[SourceVersionDate "2023.06.22"]

1. d4 e6 2. c4 Bb4+ 3. Nd2 c5 4. e3 cxd4 5. exd4 Nf6 6. a3 Be7 7. Ngf3 O-O 8.
Bd3 b6 9. O-O Bb7 10. b4 d6 11. Bb2 Nbd7 12. Re1 Re8 13. Qb3 Nf8 14. a4 Rb8 15.
a5 bxa5 16. Rxa5 Bxf3 17. gxf3 Qxa5 18. bxa5 Rxb3 19. Nxb3 Rb8 20. Bc2 Rb4 21.
Rc1 Ng6 22. c5 dxc5 23. Ba3 Rc4 24. Bxg6 Rxc1+ 25. Nxc1 hxg6 26. Bxc5 Nd5 27.
Bxa7 Bd8 28. Nb3 Kf8 29. a6 Nb6 30. Nc5 Ke8 31. Nb7 Na8 32. Nxd8 Kxd8 33. Bc5
Kc7 34. f4 Kc6 35. Kg2 Nc7 36. a7 Kb7 37. Kg3 Nb5 38. Kg4 Nxa7 39. Bf8 Kc6 40.
Bxg7 Kd6 41. Bf8+ Kd7 42. Kg5 Nb5 43. Bc5 Nc3 44. f3 Nd5 45. h4 1/2-1/2

[Event "Krefeld- Lasker Köln"]
[Site "?"]
[Date "2022.09.25"]
[Round "2.6"]
[White "Dorner, Matthias"]
[Black "Rosenkraenzer, Torsten"]
[Result "1-0"]
[WhiteElo "2179"]
[BlackElo "2016"]
[PlyCount "135"]
[SourceVersionDate "2023.06.22"]

1. d4 d5 2. c3 e6 3. Bf4 c5 4. e3 Nf6 5. Nd2 Bd6 6. Bg3 Qc7 7. Bd3 O-O 8. Ngf3
Nbd7 9. O-O Bxg3 10. hxg3 e5 11. dxe5 Nxe5 12. Nxe5 Qxe5 13. Qf3 g5 14. e4 Bg4
15. Qe3 d4 16. cxd4 cxd4 17. Nc4 dxe3 18. Nxe5 Rad8 19. fxe3 Rfe8 20. Rxf6 Rxe5
21. Bc4 Rxe4 22. Bxf7+ Kg7 23. Raf1 Rd1 24. Bb3 Rxf1+ 25. Rxf1 Be6 26. Bxe6
Rxe6 27. Rc1 Rb6 28. b3 Kf6 29. Kf2 a5 30. Rc4 Rd6 31. Ke2 b6 32. g4 Ke5 33.
Rc7 h6 34. Re7+ Kf6 35. Re4 Rc6 36. Kd2 Rd6+ 37. Rd4 Rc6 38. Rd5 Ke6 39. e4 a4
40. Kd3 axb3 41. axb3 Rc1 42. Rb5 Rd1+ 43. Ke2 Rd6 44. Ke3 Rc6 45. Kd4 Rd6+ 46.
Rd5 Rc6 47. Re5+ Kf6 48. Rf5+ Ke7 49. Rf2 Rc1 50. Kd5 Rc5+ 51. Kd4 Rc1 52. e5
Rb1 53. Rf3 Rb2 54. g3 Rb1 55. Ke4 Re1+ 56. Re3 Rf1 57. Kd5 Rc1 58. Rd3 Re1 59.
Rc3 Kd7 60. e6+ Rxe6 61. Rc7+ Kxc7 62. Kxe6 Kc6 63. Kf6 Kd6 64. Kg6 Ke6 65.
Kxh6 Kf6 66. Kh5 b5 67. b4 Kf7 68. Kxg5 1-0

[Event "Krefeld- Lasker Köln"]
[Site "?"]
[Date "2022.09.25"]
[Round "2.7"]
[White "Fohler, Claus"]
[Black "Thomas, Ingo"]
[Result "0-1"]
[WhiteElo "2350"]
[BlackElo "2094"]
[PlyCount "52"]
[SourceVersionDate "2023.06.22"]

1. d4 d5 2. Nf3 Nf6 3. g3 c6 4. Bg2 Bf5 5. O-O e6 6. Nbd2 h6 7. c4 Be7 8. Qb3
Qb6 9. c5 Qc7 10. Qa4 Nbd7 11. b4 O-O 12. Nb3 b6 13. Bf4 Qb7 14. Rfc1 Rfc8 15.
h3 Bd8 16. g4 Bg6 17. Bd2 Be7 18. Be1 Ne4 19. Nfd2 Nxd2 20. Bxd2 Nf6 21. Bf4
Nd7 22. e3 a5 23. bxa5 bxc5 24. dxc5 Bf6 25. Bf1 Bxa1 26. a6 Qa7 0-1

[Event "Krefeld- Lasker Köln"]
[Site "?"]
[Date "2022.09.25"]
[Round "2.8"]
[White "Guddat, Joachim"]
[Black "Lommen, Frank"]
[Result "1-0"]
[WhiteElo "2126"]
[BlackElo "1945"]
[PlyCount "41"]
[SourceVersionDate "2023.06.22"]

1. d4 d6 2. c4 e5 3. d5 a5 4. e4 Be7 5. Nf3 Nf6 6. Nc3 O-O 7. Be2 Na6 8. O-O
Nc5 9. Qc2 Bg4 10. Ne1 Bxe2 11. Qxe2 Nfd7 12. Be3 Bg5 13. Bxc5 Nxc5 14. Nd3 Nd7
15. a3 g6 16. b4 b6 17. bxa5 Rxa5 18. Nb4 Qa8 19. Nb5 Rc8 20. Qg4 Bd2 21. Nc6
1-0

[Event "Letmathe- Kamen"]
[Site "?"]
[Date "2022.09.25"]
[Round "2.1"]
[White "Luetke, Jens"]
[Black "Haub, Thorsten"]
[Result "0-1"]
[WhiteElo "2194"]
[BlackElo "2424"]
[PlyCount "140"]
[SourceVersionDate "2023.06.22"]

1. e4 g6 2. d4 Bg7 3. c3 d6 4. Nf3 Nd7 5. a4 e5 6. dxe5 dxe5 7. Bg5 Ngf6 8.
Nbd2 O-O 9. Qc2 Qe7 10. a5 a6 11. h3 b5 12. axb6 cxb6 13. Nc4 Bb7 14. Nfd2 Rac8
15. Be2 Qe6 16. O-O Nc5 17. Bxf6 Qxf6 18. b4 Ne6 19. Bg4 h5 20. Bxe6 Qxe6 21.
Ne3 f5 22. Rfe1 Bh6 23. f3 Rfd8 24. Rad1 f4 25. Nd5 Bf8 26. Qb3 Kg7 27. c4 b5
28. cxb5 axb5 29. Qb1 Bxd5 30. exd5 Rxd5 31. Ne4 Rcd8 32. Rxd5 Rxd5 33. Kh1 Rd4
34. Rc1 Qd7 35. Qa1 Bxb4 36. Qa6 Rxe4 37. fxe4 f3 38. Qa2 Bd2 39. Rf1 fxg2+ 40.
Kxg2 Bf4 41. Qb2 Qe7 42. Rf3 b4 43. Kf1 Kh6 44. Rb3 Qd7 45. Qc2 Bd2 46. Qd3
Qf7+ 47. Ke2 Bc3 48. Qd5 Qf4 49. Qd3 Qh2+ 50. Kf1 Qh1+ 51. Kf2 Bd4+ 52. Ke2
Qg2+ 53. Kd1 Qg1+ 54. Ke2 Qf2+ 55. Kd1 Bc3 56. Qe2 Qg1+ 57. Kc2 Qa7 58. Qd1
Qf2+ 59. Kb1 Qg2 60. Qd3 Kg5 61. Qd8+ Kf4 62. Qf6+ Ke3 63. Qb6+ Kd2 64. Qd6+
Ke1 65. Qd3 Qd2 66. Qg3+ Ke2 67. Qg2+ Kd3 68. Qf1+ Kxe4 69. Qc4+ Ke3 70. Qf1
Qd3+ 0-1

[Event "Letmathe- Kamen"]
[Site "?"]
[Date "2022.09.25"]
[Round "2.2"]
[White "Bosch, Jeroen"]
[Black "Himmel, Hansjoerg"]
[Result "1-0"]
[WhiteElo "2426"]
[BlackElo "2269"]
[PlyCount "89"]
[SourceVersionDate "2023.06.22"]

1. e4 c5 2. Nf3 e6 3. d4 cxd4 4. Nxd4 a6 5. Qd3 Nf6 6. Nc3 Qc7 7. Qg3 Qxg3 8.
hxg3 d6 9. f3 Nc6 10. Nxc6 bxc6 11. g4 d5 12. g5 Nd7 13. Be3 Bb7 14. O-O-O Be7
15. Be2 Nc5 16. Rh3 Rd8 17. e5 Nd7 18. f4 c5 19. Bf3 Rb8 20. Bd2 Kf8 21. Rdh1
Kg8 22. Nd1 Nb6 23. b3 c4 24. Be3 Ba3+ 25. Kd2 d4 26. Bxd4 Bxf3 27. Rxf3 Rd8
28. Kc3 Nd5+ 29. Kxc4 Rc8+ 30. Kd3 Nb4+ 31. Ke4 Rxc2 32. Rc3 Rxc3 33. Nxc3 Nc6
34. Nb1 Bf8 35. Nd2 h6 36. gxh6 gxh6 37. Rc1 Ne7 38. Kf3 Nf5 39. Bf2 Kh7 40.
Rc7 Kg6 41. Rc8 h5 42. Ne4 h4 43. Bc5 h3 44. gxh3 Nh4+ 45. Kg4 1-0

[Event "Letmathe- Kamen"]
[Site "?"]
[Date "2022.09.25"]
[Round "2.3"]
[White "Weidemann, Christian"]
[Black "Soukup, Jiri"]
[Result "1/2-1/2"]
[WhiteElo "2230"]
[BlackElo "2354"]
[PlyCount "66"]
[SourceVersionDate "2023.06.22"]

1. e4 c5 2. c3 Nf6 3. e5 Nd5 4. d4 cxd4 5. cxd4 d6 6. Nf3 Nc6 7. Bc4 e6 8. O-O
Be7 9. Qe2 O-O 10. Nc3 Nxc3 11. bxc3 dxe5 12. dxe5 Qa5 13. Qe4 Bd7 14. Bg5 Qa4
15. Rab1 Rab8 16. Qh4 Bxg5 17. Nxg5 h6 18. Nh7 Rfd8 19. Nf6+ gxf6 20. exf6 Qc2
21. Rb5 Qg6 22. Rh5 Ne5 23. Rxe5 Bc6 24. g4 Rd2 25. Rfe1 Rbd8 26. Bb3 R8d3 27.
Rh5 Bf3 28. h3 Kh7 29. Rhe5 Bc6 30. Rh5 Bf3 31. Rc5 Bc6 32. Rh5 Bf3 33. Rc5 Bc6
1/2-1/2

[Event "Letmathe- Kamen"]
[Site "?"]
[Date "2022.09.25"]
[Round "2.4"]
[White "Schleining, Zoya"]
[Black "Kleinegger, Frank"]
[Result "1-0"]
[WhiteElo "2338"]
[BlackElo "2164"]
[PlyCount "83"]
[SourceVersionDate "2023.06.22"]

1. e4 d6 2. d4 Nf6 3. Nc3 e5 4. Nf3 exd4 5. Nxd4 Be7 6. g3 O-O 7. Bg2 c6 8. O-O
Re8 9. h3 Bf8 10. Bf4 Nbd7 11. Qd2 Ne5 12. Rad1 Qb6 13. b3 Qc7 14. Bg5 Be7 15.
Kh1 h6 16. Be3 Bf8 17. f4 Ng6 18. Nde2 b5 19. Bd4 Bb7 20. Bxf6 gxf6 21. Nd4 b4
22. Na4 Rad8 23. Nf5 c5 24. Rfe1 Qc8 25. c4 Re6 26. Qd3 Rde8 27. Re2 h5 28. h4
d5 29. cxd5 Ba6 30. Qd2 Bxe2 31. Qxe2 Rd6 32. Nxd6 Bxd6 33. Nb2 Kg7 34. Nc4 Qc7
35. Qf3 a6 36. Ne3 Ne7 37. Qxh5 Rh8 38. Qg4+ Kf8 39. Rf1 Rg8 40. Qf3 a5 41. e5
fxe5 42. fxe5 1-0

[Event "Letmathe- Kamen"]
[Site "?"]
[Date "2022.09.25"]
[Round "2.5"]
[White "Georg, Heinz"]
[Black "Gruermann, Martin"]
[Result "1/2-1/2"]
[WhiteElo "2184"]
[BlackElo "2213"]
[Annotator "daniel"]
[PlyCount "106"]
[SourceVersionDate "2023.06.22"]

1. e4 Nf6 2. e5 Nd5 3. c4 Nb6 4. a4 a5 5. d4 d6 6. exd6 exd6 7. Nc3 Be7 8. Bd3
Nc6 9. Be3 Nb4 10. Nge2 Bg4 11. f3 Bh5 12. Nf4 Bg6 13. Nxg6 hxg6 14. O-O Nxd3
15. Qxd3 Qc8 16. Rfe1 O-O 17. b3 Re8 18. Rad1 Nd7 $11 19. Bf4 Nf6 20. d5 Nd7
21. Nb5 Nc5 22. Qc2 Qd7 23. Be3 Bf6 24. Bxc5 dxc5 25. Rxe8+ Rxe8 26. Qd2 b6 27.
Kf1 Be5 28. g3 Bd6 29. Re1 Re7 30. Rxe7 Qxe7 31. Qe2 Kf8 32. Kf2 Qf6 33. Kg2 g5
34. Qc2 g6 35. Qc3 Qf5 36. Na7 Be5 37. Qe3 Qc2+ 38. Kh3 Bd4 39. Qxg5 Bg1 40.
Qh4 Kg7 41. Nc6 Qxh2+ 42. Kg4 Qc2 43. Kh3 Qe2 44. Kg4 Bd4 45. Qe7 Qh2 46. Nxd4
Qh5+ 47. Kf4 cxd4 48. Ke4 Qf5+ 49. Kxd4 Qxf3 50. Qxc7 Qf2+ 51. Kd3 Qf3+ 52. Kd2
Qf2+ 53. Kd1 Qf1+ 1/2-1/2

[Event "Letmathe- Kamen"]
[Site "?"]
[Date "2022.09.25"]
[Round "2.6"]
[White "Pfleger, Sascha"]
[Black "Seepe, Udo"]
[Result "1-0"]
[WhiteElo "2013"]
[BlackElo "2135"]
[PlyCount "75"]
[SourceVersionDate "2023.06.22"]

1. e4 c5 2. Nf3 g6 3. d3 Bg7 4. g3 Nc6 5. Bg2 Nf6 6. O-O d5 7. Nbd2 O-O 8. Ne1
e5 9. exd5 Nxd5 10. Ne4 b6 11. Bg5 f6 12. Bd2 Be6 13. a3 Qc7 14. c4 Nde7 15. b4
Nd4 16. Be3 Rad8 17. bxc5 bxc5 18. Rb1 Rb8 19. Rxb8 Rxb8 20. g4 h6 21. Ng3 g5
22. Be4 Qa5 23. Bxd4 cxd4 24. Nc2 Rb2 25. Nf5 Bxf5 26. gxf5 Qa4 27. Nb4 Qxa3
28. Nd5 Nxd5 29. Bxd5+ Kf8 30. Qh5 Qe7 31. Ra1 Rb8 32. Ra6 Rc8 33. Qg6 Rc7 34.
Qh7 Ke8 35. Re6 Bf8 36. Qg6+ Kd8 37. Rxe7 Kxe7 38. Qf7+ 1-0

[Event "Letmathe- Kamen"]
[Site "?"]
[Date "2022.09.25"]
[Round "2.7"]
[White "Georg, Felix"]
[Black "Hunold, Rolf"]
[Result "1-0"]
[WhiteElo "2014"]
[BlackElo "2020"]
[PlyCount "111"]
[SourceVersionDate "2023.06.22"]

1. Nf3 d5 2. e3 Nf6 3. c4 c6 4. b3 Bg4 5. Bb2 Nbd7 6. Be2 e6 7. O-O Bd6 8. d4
Qc7 9. Nbd2 O-O 10. h3 Bh5 11. Qc2 Bg6 12. Bd3 Bxd3 13. Qxd3 Rfe8 14. e4 dxe4
15. Nxe4 Nxe4 16. Qxe4 Be7 17. Rad1 Bf6 18. Rfe1 h6 19. Ne5 Rad8 20. b4 Nxe5
21. dxe5 Be7 22. Bc3 a6 23. g3 Rd7 24. c5 Rd5 25. Rxd5 cxd5 26. Qd4 Rc8 27. Rb1
Qc6 28. Qd3 Qb5 29. Qf1 Qa4 30. Rb2 Qa3 31. Bd4 a5 32. Qb5 axb4 33. Qd7 Rxc5
34. Bxc5 Bxc5 35. Rc2 b6 36. Kg2 Qa8 37. Kh2 d4 38. Rd2 Qf3 39. Qb5 Qf5 40. Qe2
h5 41. Kg2 f6 42. f4 h4 43. exf6 gxf6 44. Qg4+ Qxg4 45. hxg4 hxg3 46. Kxg3 e5
47. fxe5 fxe5 48. Kf3 Kf7 49. Ke4 Ke6 50. Rh2 Bf8 51. Rh8 Kf7 52. g5 Be7 53.
Kf5 d3 54. g6+ Kg7 55. Rh7+ Kf8 56. g7+ 1-0

[Event "Letmathe- Kamen"]
[Site "?"]
[Date "2022.09.25"]
[Round "2.8"]
[White "Heeke, Guido"]
[Black "Kilian, Ralf"]
[Result "1/2-1/2"]
[WhiteElo "1873"]
[BlackElo "2100"]
[PlyCount "26"]
[SourceVersionDate "2023.06.22"]

1. c4 e6 2. d4 d5 3. Nf3 Nf6 4. Nc3 Bb4 5. e3 O-O 6. Bd3 c5 7. O-O Nc6 8. a3
Bxc3 9. bxc3 Qa5 10. Qc2 dxc4 11. Bxc4 b6 12. Bd2 Ba6 13. Bxa6 Qxa6 1/2-1/2

[Event "Porz 3- Bonn"]
[Site "?"]
[Date "2022.09.25"]
[Round "2.1"]
[White "Dehmel, Jens"]
[Black "Gallinnis, Norbert"]
[Result "1-0"]
[WhiteElo "2022"]
[BlackElo "2169"]
[PlyCount "107"]
[SourceVersionDate "2023.06.22"]

1. d4 Nf6 2. c4 c5 3. Nf3 cxd4 4. Nxd4 d6 5. g3 e6 6. Bg2 a6 7. O-O Be7 8. b3
O-O 9. Bb2 Qc7 10. Nc3 Nc6 11. Rc1 Nxd4 12. Qxd4 Bd7 13. Rfd1 Rfd8 14. h3 Rab8
15. Ne4 Ne8 16. Qe3 Qa5 17. a3 Bc6 18. b4 Qh5 19. Kh2 Qg6 20. Bd4 Rbc8 21. Bb2
Rd7 22. Nd2 Bxg2 23. Kxg2 Rdc7 24. Qd3 f5 25. Nb3 h5 26. c5 h4 27. cxd6 Bxd6
28. Rxc7 Rxc7 29. Nc5 hxg3 30. fxg3 Kh7 31. Qf3 b6 32. Nd3 Rc2 33. Be5 Qh6 34.
Bxd6 Nxd6 35. Ne5 Rd2 36. Rxd2 Qxd2 37. Qd3 Qxd3 38. exd3 g5 39. Nd7 Nb5 40. a4
Nc3 41. Nxb6 Kg6 42. Kf3 Kf6 43. Nd7+ Ke7 44. Nc5 Kd6 45. a5 e5 46. Nxa6 Kc6
47. h4 g4+ 48. Kg2 f4 49. h5 f3+ 50. Kg1 e4 51. dxe4 Nxe4 52. h6 Ng5 53. Nc5
Kb5 54. a6 1-0

[Event "Porz 3- Bonn"]
[Site "?"]
[Date "2022.09.25"]
[Round "2.2"]
[White "Wagenknecht, Uwe"]
[Black "Suppert, Timur"]
[Result "1/2-1/2"]
[WhiteElo "2134"]
[BlackElo "2058"]
[PlyCount "47"]
[SourceVersionDate "2023.06.22"]

1. Nf3 f5 2. e4 fxe4 3. Ng5 e5 4. d3 e3 5. Bxe3 Nc6 6. c4 Nf6 7. Nc3 d6 8. Be2
Bf5 9. Bf3 Qd7 10. O-O Be7 11. d4 Ng4 12. d5 Nxe3 13. fxe3 Bxg5 14. dxc6 Bxe3+
15. Kh1 bxc6 16. Bxc6 Qxc6 17. Rxf5 g6 18. Rf3 Bd4 19. Nd5 Qxc4 20. Rc1 Qxd5
21. Rxc7 a6 22. Qa4+ Qb5 23. Qxb5+ axb5 24. Rff7 1/2-1/2

[Event "Porz 3- Bonn"]
[Site "?"]
[Date "2022.09.25"]
[Round "2.3"]
[White "Limp, Roland"]
[Black "Evers, Leo"]
[Result "0-1"]
[WhiteElo "1940"]
[BlackElo "2071"]
[PlyCount "88"]
[SourceVersionDate "2023.06.22"]

1. c4 c5 2. Nc3 Nc6 3. g3 g6 4. Bg2 Bg7 5. d3 e6 6. e4 Nge7 7. Nge2 a6 8. O-O
O-O 9. f4 d6 10. Be3 Nd4 11. Rb1 Rb8 12. b4 Bd7 13. bxc5 dxc5 14. e5 Nec6 15.
Ne4 b6 16. N2c3 Nf5 17. Bf2 h5 18. Ne2 Qe7 19. d4 cxd4 20. Nxd4 Ncxd4 21. Bxd4
Ba4 22. Qxa4 Nxd4 23. Qxa6 Qc7 24. Rfd1 Rfd8 25. Kh1 Nf5 26. Qb5 Ne3 27. Rd6
Nxg2 28. Kxg2 Qb7 29. Qc6 Qa6 30. Rb2 Rdc8 31. Qb5 Qa8 32. Kf3 Rc5 33. Qb3 Ra5
34. Qd3 Ra3 35. Rb3 Rxa2 36. Rdxb6 Rxb6 37. Rxb6 Bf8 38. Rb3 Bc5 39. g4 h4 40.
g5 Rf2+ 41. Kg4 Rxh2 42. Qb1 Kg7 43. Rh3 Re2 44. Nxc5 Rg2+ 0-1

[Event "Porz 3- Bonn"]
[Site "?"]
[Date "2022.09.25"]
[Round "2.4"]
[White "Slowik, Martin"]
[Black "Horstmann, Olaf"]
[Result "1/2-1/2"]
[WhiteElo "1920"]
[BlackElo "2102"]
[PlyCount "83"]
[SourceVersionDate "2023.06.22"]

1. d4 e6 2. e4 d5 3. Nc3 Nc6 4. e5 f6 5. Bb5 Bd7 6. Nf3 Qe7 7. O-O Qf7 8. a3
Nge7 9. b4 Ng6 10. Re1 O-O-O 11. Bxc6 Bxc6 12. b5 Bd7 13. Qd3 Be7 14. a4 Kb8
15. a5 Rc8 16. Nd1 c6 17. b6 a6 18. Ba3 c5 19. c4 dxc4 20. Qxc4 Bb5 21. Qb3 c4
22. Qb2 Nf4 23. Qd2 Nd5 24. Nc3 Bc6 25. Ne4 Qg6 26. Nd6 c3 27. Qc1 Rcd8 28. Kh1
Rhf8 29. Rg1 Qh5 30. Ne4 Bxa3 31. Rxa3 Ne7 32. Ng3 Qg4 33. h3 Qg6 34. Qxc3 Rc8
35. Qd3 f5 36. Re1 Bb5 37. Qd2 h6 38. Ne2 Nd5 39. Nc3 Bc6 40. Rc1 Rfd8 41. Na4
Qf7 42. Nc5 1/2-1/2

[Event "Porz 3- Bonn"]
[Site "?"]
[Date "2022.09.25"]
[Round "2.5"]
[White "Wahl, Felix"]
[Black "Thiemonds, Uli"]
[Result "1/2-1/2"]
[WhiteElo "2093"]
[BlackElo "2090"]
[PlyCount "123"]
[SourceVersionDate "2023.06.22"]

1. e4 e6 2. d4 d5 3. Nc3 Bb4 4. e5 c5 5. a3 Bxc3+ 6. bxc3 Ne7 7. Nf3 Nbc6 8. h4
Bd7 9. h5 h6 10. Bd3 Qa5 11. Bd2 c4 12. Be2 O-O-O 13. Kf1 f6 14. g3 Rdf8 15.
Kg2 Rf7 16. Qc1 Rhf8 17. exf6 Rxf6 18. Bf4 Rxf4 19. gxf4 Qxc3 20. Rd1 Rf5 21.
Qd2 Qxd2 22. Rxd2 Rxf4 23. c3 Be8 24. Rh1 Rf5 25. Nh4 Rg5+ 26. Kh2 e5 27. dxe5
Rxe5 28. Bg4+ Bd7 29. Bf3 Rg5 30. Be2 Bg4 31. f4 Bxe2 32. fxg5 Bxh5 33. gxh6
gxh6 34. Rf1 Bg4 35. Rf6 h5 36. Ng6 Kc7 37. Nxe7 Nxe7 38. Kg3 Bf5 39. Kf4 Be4
40. Rh6 h4 41. Kg5 Nf5 42. Rh7+ Kc6 43. Rf2 d4 44. Rxf5 Bxf5 45. Kxf5 dxc3 46.
Rxh4 Kd5 47. Rh1 Kd4 48. Ke6 c2 49. Kd6 c3 50. a4 Kc4 51. Ke5 b6 52. Ke4 a6 53.
Rc1 b5 54. axb5 axb5 55. Rxc2 b4 56. Rh2 b3 57. Rh8 b2 58. Rc8+ Kb3 59. Rb8+
Kc2 60. Kd4 b1=Q 61. Rxb1 Kxb1 62. Kxc3 1/2-1/2

[Event "Porz 3- Bonn"]
[Site "?"]
[Date "2022.09.25"]
[Round "2.6"]
[White "Paulus, Jeffrey"]
[Black "Wagner, Rainer"]
[Result "1-0"]
[WhiteElo "1937"]
[BlackElo "2030"]
[PlyCount "69"]
[SourceVersionDate "2023.06.22"]

1. Nf3 Nf6 2. g3 d5 3. Bg2 g6 4. O-O Bg7 5. d3 O-O 6. Re1 c5 7. Nbd2 Nc6 8. c3
e5 9. e4 dxe4 10. dxe4 h6 11. Qe2 Be6 12. Nf1 Qc7 13. h4 Rfd8 14. N3h2 Qc8 15.
Ne3 a6 16. g4 Rb8 17. g5 hxg5 18. hxg5 Nh5 19. Nd5 Bxd5 20. exd5 Ne7 21. Bf3
Qh3 22. Bg4 Qh4 23. Qe4 f5 24. gxf6 Qxf6 25. Be6+ Kh7 26. Ng4 Qh4 27. Kg2 Nxd5
28. Rh1 Qxh1+ 29. Kxh1 Ndf4 30. Bxf4 exf4 31. Rg1 Rf8 32. Ne5 Rf6 33. Nd7 Rbf8
34. Nxf8+ Bxf8 35. Rxg6 1-0

[Event "Oberhausen- Elberfeld"]
[Site "?"]
[Date "2022.09.25"]
[Round "2.1"]
[White "Odendahl, Reiner"]
[Black "Becker, Marcel"]
[Result "1/2-1/2"]
[WhiteElo "2322"]
[BlackElo "2326"]
[PlyCount "66"]
[EventDate "2022.??.??"]
[SourceVersionDate "2023.06.22"]

1. c4 e5 2. a3 d6 3. Nc3 f5 4. d4 Nf6 5. e3 Be7 6. Nf3 e4 7. Nd2 c6 8. Be2 O-O
9. b4 Be6 10. O-O Nbd7 11. a4 d5 12. b5 c5 13. dxc5 Nxc5 14. Ba3 Rc8 15. Bxc5
Bxc5 16. Nxd5 Nxd5 17. cxd5 Bxd5 18. Bc4 Kh8 19. Bxd5 Qxd5 20. Nb3 Qe5 21. Nxc5
Rxc5 22. g3 h6 23. Rc1 Rd5 24. Qc2 Rf7 25. Rfd1 Rxd1+ 26. Qxd1 Kh7 27. Rc4 Qe6
28. Rd4 Rc7 29. Rd6 Rc1 30. Qxc1 Qxd6 31. Qc4 Qd1+ 32. Kg2 Qf3+ 33. Kg1 Qd1+
1/2-1/2

[Event "Oberhausen- Elberfeld"]
[Site "?"]
[Date "2022.09.25"]
[Round "2.2"]
[White "Hort, Vlastimil"]
[Black "Volkov, Mykyta"]
[Result "1/2-1/2"]
[WhiteElo "2351"]
[BlackElo "2207"]
[PlyCount "35"]
[EventDate "2022.??.??"]
[SourceVersionDate "2023.06.22"]

1. e4 e6 2. d3 d5 3. Nd2 Nf6 4. c3 c5 5. g3 Nc6 6. Ngf3 Be7 7. a3 O-O 8. Bg2 b6
9. Qa4 Bb7 10. O-O Qc7 11. Re1 Rfd8 12. Nf1 d4 13. c4 e5 14. Qc2 Ne8 15. Bh3 a6
16. Bg5 Bc8 17. Bxe7 Qxe7 18. Bxc8 1/2-1/2